000 00508nam a2200181Ia 4500
005 20250508163739.0
008 008 250505s9999 xx 000 0 eng d
037 _aTextual
040 _aFEDL
_beng
_cFEDL
041 _aeng
_2eng
084 _a370.7, RED
_qFEDL
100 _aReddy R S
245 0 _aPrinciples and practices of teacher education
260 _aNew Delhi, India
_bRajat Publications
_c1998
300 _avii,398p.
942 _cTEXL
_h370.7, RED
999 _c1385048
_d1385048